Történet = Una storia
Elmentve itt :
| Szerző: | |
|---|---|
| További közreműködők: | |
| Dokumentumtípus: | Könyv része |
| Megjelent: |
Università degli Studi di Szeged, Facoltà di Lettere e Studi Sociali, Istituto di Studi Romanzi, Dipartimento di Italianistica ; Szegedi Tudományegyetem Bölcsészet- és Társadalomtudományi Kar Romanisztika Intézet Olasz Tanszék
Szeged
2022
|
| Sorozat: | BALaton ITaliano
1 BALIT BALaton ITaliano : quaderno dei seminari di traduzione letteraria del Dip.to di Italianistica di Szeged presso la Casa del Traduttore a Balatonfüred : Nr. 1 : 2017-2023 1 |
| Kulcsszavak: | Magyar irodalom - novella, Műfordítás - olasz |
| Tárgyszavak: | |
| Online Access: | http://acta.bibl.u-szeged.hu/89974 |
| LEADER | 01269naa a2200277 i 4500 | ||
|---|---|---|---|
| 001 | acta89974 | ||
| 005 | 20260326085116.0 | ||
| 008 | 260326s2022 hu o 000 hun d | ||
| 020 | |a 978-963-306-902-8 | ||
| 040 | |a SZTE Egyetemi Kiadványok Repozitórium |b hun | ||
| 041 | |a hun | ||
| 041 | |a ita | ||
| 100 | 1 | |a Spiró György | |
| 245 | 1 | 0 | |a Történet = Una storia |h [elektronikus dokumentum] / |c Spiró György |
| 260 | |a Università degli Studi di Szeged, Facoltà di Lettere e Studi Sociali, Istituto di Studi Romanzi, Dipartimento di Italianistica ; Szegedi Tudományegyetem Bölcsészet- és Társadalomtudományi Kar Romanisztika Intézet Olasz Tanszék |b Szeged |c 2022 | ||
| 300 | |a 30-32 | ||
| 490 | 0 | |a BALaton ITaliano |v 1 | |
| 490 | 0 | |a BALIT BALaton ITaliano : quaderno dei seminari di traduzione letteraria del Dip.to di Italianistica di Szeged presso la Casa del Traduttore a Balatonfüred : Nr. 1 : 2017-2023 |v 1 | |
| 650 | 4 | |a Bölcsészettudományok | |
| 650 | 4 | |a Nyelvek és irodalom | |
| 695 | |a Magyar irodalom - novella, Műfordítás - olasz | ||
| 700 | 0 | 1 | |a Balta Zsófia |
| 700 | 0 | 1 | |a Marmiroli Lorenzo |
| 700 | 0 | 1 | |a Sermann Eszter |
| 700 | 0 | 1 | |a Tekse Bernadett |
| 856 | 4 | 0 | |u http://acta.bibl.u-szeged.hu/89974/1/balit_2022_030-032.pdf |z Dokumentum-elérés |